Excarcelación y eximición de prisión: jornadas de la Sociedad Panamericana de Criminología
| Autor Corporativo: | |
|---|---|
| Otros Autores: | ; |
| Tipo de documento: | Print Libro |
| Lenguaje: | Español |
| Publicado: |
Buenos Aires
Ed. Depalma
1986
|
| En: |
Temas penales (1)
Año: 1986 |
| Disponibilidad en Tübingen: | Disponible en Tübingen. UB: KB 8 E 2019 |
| Verificar disponibilidad: | HBZ Gateway |
| Servicio de pedido Subito: | Pedir ahora. |
MARC
| LEADER | 00000cam a2200000 c 4500 | ||
|---|---|---|---|
| 001 | 1088855687 | ||
| 003 | DE-627 | ||
| 005 | 20260323111143.0 | ||
| 007 | tu | ||
| 008 | 891020s1986 xx ||||| 00| ||spa c | ||
| 020 | |a 9501403408 |9 950-14-0340-8 | ||
| 035 | |a (DE-627)1088855687 | ||
| 035 | |a (DE-576)018855687 | ||
| 035 | |a (DE-599)BSZ018855687 | ||
| 035 | |a (OCoLC)17201016 | ||
| 040 | |a DE-627 |b ger |c DE-627 |e rakwb | ||
| 041 | |a spa | ||
| 082 | 0 | |a 345.82/072 | |
| 082 | 0 | |a 348.20572 | |
| 245 | 0 | 0 | |a Excarcelación y eximición de prisión |b jornadas de la Sociedad Panamericana de Criminología |c Cafferata Nores ... Coord.: Ricardo Levene |
| 264 | 1 | |a Buenos Aires |b Ed. Depalma |c 1986 | |
| 300 | |a XI, 80 S. | ||
| 336 | |a Text |b txt |2 rdacontent | ||
| 337 | |a ohne Hilfsmittel zu benutzen |b n |2 rdamedia | ||
| 338 | |a Band |b nc |2 rdacarrier | ||
| 490 | 1 | |a Temas penales |v 1 | |
| 583 | 1 | |a Archivierung prüfen |c 20200919 |f DE-640 |z 2 |2 pdager | |
| 700 | 1 | |a Cafferata Nores, José I. |e Mitarb. |0 (DE-588)1056739738 |0 (DE-627)794976891 |0 (DE-576)41215255X |4 oth | |
| 700 | 1 | |a Levene, Ricardo |e Hrsg. |4 edt | |
| 710 | 2 | |a Sociedad Panamericana de Criminología |0 (DE-588)5042328-9 |0 (DE-627)70941952X |0 (DE-576)193197359 |4 oth | |
| 830 | 0 | |a Temas penales |v 1 |9 1 |w (DE-627)1088855482 |w (DE-576)018855482 |7 am | |
| 951 | |a BO | ||
| ELC | |b 1 | ||
| LOK | |0 000 xxxxxcx a22 zn 4500 | ||
| LOK | |0 001 2136039083 | ||
| LOK | |0 003 DE-627 | ||
| LOK | |0 004 1088855687 | ||
| LOK | |0 005 20151030144401 | ||
| LOK | |0 008 891020||||||||||||||||ger||||||| | ||
| LOK | |0 040 |a DE-21 |c DE-627 |d DE-21 | ||
| LOK | |0 852 |a DE-21 | ||
| LOK | |0 852 1 |c KB 8 E 2019 |9 00 | ||
| LOK | |0 935 |a krim | ||
| LOK | |0 939 |a 1989-10-20 |b l01 | ||
| ORI | |a WA-MARC-krimdoka001.raw | ||
| SIG | |a UB: KB 8 E 2019 | ||
